000 00473nam a2200181Ia 4500
008 230711s9999||||xx |||||||||||||| ||und||
020 _a978-1-292-34770-7
041 _aENG
082 _a541.3
_bEN-P
100 _aEngel, Thomas
245 0 _aPhysical Chemistry:- Thermodynamics, Statistical Thermodynamics, and Kinetics
250 _a4th Ed.
260 _c2021
_aNew Delhi
_bPearson
300 _a672p.
650 _aChemistry
700 _aReid, Philip
942 _cBK
999 _c6910
_d6910